Logiczna eliminacja: Polacy - Statystyki

Ogólne statystyki
  • Ten quiz został rozwiązany 64 razy
  • Średni wynik to 8 z 16
Statystyki odpowiedzi
Hint Explanation Odpowiedź % Poprawnych
Moim nazwiskiem nazwano najwyższy szczyt Australii. Tadeusz Kościuszko Tadeusz Kościuszko
93%
Zastałem Polskę drewnianą, a zostawiłem murowaną. Kazimierz Wielki Kazimierz Wielki
80%
Zawodowo uprawiam sport. Robert Lewandowski, Iga Świątek Robert Lewandowski
76%
Stałem na czele sanacji. Józef Piłsudski Józef Piłsudski
63%
Urodziłem się poza granicami obecnej Polski. Adam Mickiewicz, Tadeusz Kościuszko, Józef Piłsudski Adam Mickiewicz
59%
Mój portret znajduje się na jednym z banknotów. Bolesław Chrobry (20 zł), Kazimierz Wielki (50 zł) Bolesław Chrobry
59%
Zmarłem w kraju francuskojęzycznym. Fryderyk Chopin (Francja), Tadeusz Kościuszko (Szwajcaria), Henryk Sienkiewicz (Szwajcaria) - Maria Skłodowska-Curie powiedziałaby "Zmarłam" Fryderyk Chopin
49%
Kojarzyć mnie możesz z muzyką. Maryla Rodowicz, Fryderyk Chopin Maryla Rodowicz
49%
Moje imię zaczyna się na literę M. Maria Skłodowska-Curie, Maryla Rodowicz, Mikołaj Kopernik Maria Skłodowska-Curie
46%
Jestem kobietą. Iga Świątek, Maria Skłodowska-Curie, Maryla Rodowicz Iga Świątek
44%
Zmarłem w trakcie trwania I wojny światowej. Henryk Sienkiewicz (1916) Henryk Sienkiewicz
41%
Urodziłem się przed XIX wiekiem. Mikołaj Kopernik, Bolesław Chrobry, Kazimierz Wielki, Tadeusz Kościuszko, Adam Mickiewicz Mikołaj Kopernik
39%
W rzeczywistości nazywałem się inaczej, niż jestem tu podpisany. Jan Paweł II (Karol Wojtyła), Bolesław Prus (Aleksander Głowacki) Jan Paweł II
34%
Przyznano mi Nagrodę Nobla. Lech Wałęsa (pokojowa), Henryk Sienkiewicz (literacka), Maria Skłodowska-Curie (2: z fizyki i chemii) Lech Wałęsa
34%
Zostałem tylko ja. Andrzej Sapkowski Andrzej Sapkowski
24%
Moje życie obejmowało XIX wiek. Bolesław Prus, Adam Mickiewicz, Fryderyk Chopin, Tadeusz Kościuszko, Maria Skłodowska-Curie, Henryk Sienkiewicz, Józef Piłsudski Bolesław Prus
20%
Nie znaleziono quizów pasujących do podanych kryteriów
Rozkład punktacji
Procent ludzi z każdym wynikiem
Percentyl według liczby udzielonych odpowiedzi
Twoja historia wyników
Nie rozwiązałeś tego quizu